[Event "Krasnoyarsk-ch"]
[Site "Krasnoyarsk"]
[Date "2016.03.24"]
[Round "9"]
[White "Sholokhov, Anatoly"]
[Black "Yakovleva, Daria"]
[Result "1-0"]
[WhiteElo "2026"]
[BlackElo "2062"]
[PlyCount "85"]
[EventDate "2016.02.01"]
[EventType "swiss"]
[EventRounds "9"]
[EventCountry "RUS"]
[SourceTitle "CBM 171 Extra"]
[Source "ChessBase"]
[SourceDate "2016.04.26"]
[SourceVersion "1"]
[SourceVersionDate "2016.04.26"]
[SourceQuality "1"]

1. e4 d6 2. Bc4 Nf6 3. d3 e5 4. c3 Be7 5. Nd2 c6 6. Ngf3 Bg4 7. h3 Bxf3 8. Nxf3 0-0 9. Qe2 Nbd7 10. Bb3 Qc7 11. g4 Nc5 12. Bc2 Nfd7 13. Bd2 Rfe8 14. h4 d5 15. g5 Ne6 16. 0-0-0 b5 17. h5 Nf4 18. Bxf4 exf4 19. e5 Nf8 20. d4 b4 21. c4 a5 22. c5 a4 23. Bd3 Qa5 24. Rdg1 b3 25. a3 g6 26. hxg6 fxg6 27. Nh4 Kg7 28. Qg4 Bxc5 29. dxc5 Qxc5+ 30. Kb1 Qd4 31. Nf5+ gxf5 32. Qxf5 Qxe5 33. Qh3 Re7 34. Qh6+ Kf7 35. g6+ hxg6 36. Bxg6+ Ke6 37. Re1 Kd7 38. Rxe5 Rxe5 39. Bd3 Rae8 40. Kc1 Ne6 41. Qg6 Rg5 42. Rh7+ Kd6 43. Qxe8 1-0

[Event "Krasnoyarsk Region-ch"]
[Site "Krasnoyarsk"]
[Date "2015.10.14"]
[Round "7"]
[White "Sholokhov, Anatoly"]
[Black "Keosidi, Konstantin"]
[Result "0-1"]
[WhiteElo "2048"]
[BlackElo "2404"]
[PlyCount "110"]
[EventDate "2015.10.??"]
[EventType "swiss"]
[EventRounds "11"]
[EventCountry "RUS"]
[SourceTitle "CBM 169 Extra"]
[Source "ChessBase"]
[SourceDate "2015.12.18"]
[SourceVersion "1"]
[SourceVersionDate "2015.12.18"]
[SourceQuality "1"]

1. e4 d6 2. d4 Nf6 3. Nc3 e5 4. dxe5 dxe5 5. Qxd8+ Kxd8 6. Bc4 Be6 7. Bxe6 fxe6 8. f3 Bd6 9. Be3 a6 10. Nh3 Ke7 11. Nf2 Nbd7 12. Nd3 b5 13. a4 b4 14. Ne2 h6 15. b3 g5 16. Nb2 Nh5 17. Nc4 Nf4 18. Rg1 Raf8 19. Nc1 g4 20. fxg4 Rhg8 21. g3 Nh3 22. Rf1 Ng5 23. Rxf8 Rxf8 24. Ke2 Nxe4 25. Nd3 Nc3+ 26. Kd2 Ne4+ 27. Ke2 Nc3+ 28. Kd2 e4 29. Nf4 Rg8 30. Rf1 Rxg4 31. Ne2 Nxe2 32. Kxe2 Rg6 33. Bd2 c5 34. Be3 Nf6 35. Bf4 Bxf4 36. Rxf4 Nd5 37. Rf2 h5 38. Ne5 Rg5 39. Nc4 Rf5 40. Na5 Nc3+ 41. Ke1 Rd5 42. Rd2 e3 43. Rxd5 exd5 44. Nb7 Ne4 45. Ke2 Kd7 46. Kxe3 Kc7 47. Na5 Nc3 48. h3 Kb6 49. Nc4+ dxc4 50. bxc4 Nxa4 51. g4 hxg4 52. h4 Nb2 53. h5 Nxc4+ 54. Kf4 Nd6 55. h6 Nf7 0-1

[Event "Krasnoyarsk Region-ch"]
[Site "Krasnoyarsk"]
[Date "2015.10.10"]
[Round "3"]
[White "Artemyev, Alexey"]
[Black "Sholokhov, Anatoly"]
[Result "0-1"]
[WhiteElo "2129"]
[BlackElo "2048"]
[PlyCount "102"]
[EventDate "2015.10.??"]
[EventType "swiss"]
[EventRounds "11"]
[EventCountry "RUS"]
[SourceTitle "CBM 169 Extra"]
[Source "ChessBase"]
[SourceDate "2015.12.18"]
[SourceVersion "1"]
[SourceVersionDate "2015.12.18"]
[SourceQuality "1"]

1. d4 Nf6 2. c4 d6 3. Nc3 Nbd7 4. e4 e5 5. Nf3 Be7 6. Be2 c6 7. 0-0 0-0 8. b3 Re8 9. Bb2 Qc7 10. Re1 Nf8 11. Qc2 Ng6 12. dxe5 dxe5 13. Nd1 Bc5 14. a3 a5 15. Bc3 Bg4 16. h3 Bxf3 17. Bxf3 Nf4 18. Nb2 Re6 19. b4 Bd4 20. c5 b5 21. bxa5 Bxc3 22. Qxc3 Qxa5 23. Qe3 Ree8 24. g3 Ne6 25. Nd3 Qc7 26. Bg2 Nd4 27. Ra2 Nd7 28. h4 Ra4 29. Nb2 Nc2 30. Qc3 Nxe1 31. Nxa4 Nxg2 32. Nb2 Nxh4 33. gxh4 Nf6 34. a4 Nxe4 35. Qc2 Nf6 36. axb5 cxb5 37. c6 Nd5 38. Qc5 Nf4 39. Ra7 Qc8 40. Rd7 h5 41. Qxb5 Qa8 42. Na4 Re6 43. Rb7 Kh7 44. c7 Qc8 45. Kf1 Rd6 46. Ke1 Qg4 47. Nb2 Rd3 48. Qxd3+ Nxd3+ 49. Kd2 Nxb2 50. Rb8 Qd4+ 51. Kc2 Qc4+ 0-1

[Event "Krasnoyarsk Region-ch"]
[Site "Krasnoyarsk"]
[Date "2015.10.09"]
[Round "2"]
[White "Sholokhov, Anatoly"]
[Black "Krikunova, Olesya"]
[Result "1-0"]
[WhiteElo "2048"]
[BlackElo "1781"]
[PlyCount "77"]
[EventDate "2015.10.??"]
[EventType "swiss"]
[EventRounds "11"]
[EventCountry "RUS"]
[SourceTitle "CBM 169 Extra"]
[Source "ChessBase"]
[SourceDate "2015.12.18"]
[SourceVersion "1"]
[SourceVersionDate "2015.12.18"]
[SourceQuality "1"]

1. d4 d6 2. Bf4 Nf6 3. e3 g6 4. Bd3 Bg7 5. Nd2 0-0 6. Ngf3 c5 7. c3 Nc6 8. Ne4 Qb6 9. Qd2 Bg4 10. Nxf6+ Bxf6 11. d5 Bxf3 12. gxf3 Ne5 13. Bxe5 Bxe5 14. f4 Bg7 15. h4 Rac8 16. 0-0-0 Qa5 17. Kb1 b5 18. c4 Qxd2 19. Rxd2 b4 20. f5 a5 21. f4 Rce8 22. fxg6 fxg6 23. h5 Rf6 24. hxg6 hxg6 25. Rg2 e6 26. Bxg6 Re7 27. Rh3 e5 28. fxe5 Rxe5 29. e4 a4 30. Bf5 Rfxf5 31. exf5 Rxf5 32. Rhg3 Rf7 33. Rg6 Rd7 34. Kc2 Kf8 35. Kd3 Kg8 36. Ke4 Kf8 37. Kf5 a3 38. bxa3 bxa3 39. Rxg7 1-0

[Event "Krasnoyarsk-ch"]
[Site "Krasnoyarsk"]
[Date "2013.02.01"]
[Round "1"]
[White "Sholokhov, Anatoly"]
[Black "Anikonov, Dmitry"]
[Result "1-0"]
[WhiteElo "2014"]
[BlackElo "2075"]
[PlyCount "87"]
[EventDate "2013.02.01"]
[EventType "tourn"]
[EventRounds "11"]
[EventCountry "RUS"]
[SourceTitle "CBM 153 Extra"]
[Source "ChessBase"]
[SourceDate "2013.04.22"]
[SourceVersion "1"]
[SourceVersionDate "2013.04.22"]
[SourceQuality "1"]

1. e4 e6 2. d4 d5 3. e5 c5 4. c3 Nc6 5. Nf3 Bd7 6. Be2 Nge7 7. a3 c4 8. Nbd2 Nf5 9. b4 Be7 10. Nf1 0-0 11. Ng3 f6 12. Nxf5 exf5 13. 0-0 Be6 14. Re1 fxe5 15. dxe5 f4 16. b5 Na5 17. Nd4 Bc8 18. Bg4 Nb3 19. Nxb3 Bxg4 20. Qxg4 cxb3 21. Bxf4 Qc8 22. Qg3 Qe6 23. Be3 a6 24. b6 b2 25. Rab1 Bxa3 26. Bd4 Rac8 27. Qd3 Qf5 28. Qd1 Rc4 29. e6 Re8 30. Re5 Qg6 31. Rxd5 Rxe6 32. Rd8+ Bf8 33. Rxb2 Qg5 34. Be3 Qe5 35. Rbd2 Rxc3 36. g3 Qe4 37. R2d4 Qc6 38. Rf4 Rf6 39. Rxf6 Qxf6 40. Qd5+ Kh8 41. Bg5 Qf3 42. Qd6 Kg8 43. Qe6+ Qf7 44. Be7 1-0